Halálos kimenetü baleset

Správa o smrteľnom úraze mlynára Andreja Pasztiráka zo Zboja v apríli 1914.

Podrobná bibliografia
Médium: Článok
Jazyk:Hungarian
Témy:
Zdroj: 1. Felvidéki Hirlap 1. Roč. 7, č. 16 (26.04.1914) s. 2
LEADER 00807nab#a2200301#ar4500
001 000074469
003 SVKKK
005 20041220xxxxxxx.
008 06 c xo huno
FMT
038 |a SVKKK 
040 |a SVKKK  |b slo  |e AACR2 
041 0 |a hun 
044 |a xo  |c SK 
080 |a 614.8 
242 1 0 |a Smrteľný úraz 
245 0 0 |a Halálos kimenetü baleset 
500 |a mikrofilm 
520 2 |a Správa o smrteľnom úraze mlynára Andreja Pasztiráka zo Zboja v apríli 1914. 
650 0 4 |a úmrtie - úrazy pracovné - Pasztirák Andrej (mlynár) - Zboj (HN) - apríl 1914 - správy 
773 0 |t Felvidéki Hirlap  |g Roč. 7, č. 16 (26.04.1914) s. 2 
957 |a Zboj 
958 |a DG 
958 |a SK 
974 |a Ba  |d 20041220 
992 |a RBX 
BAS
998 |a RETRO